| 000 | 00471nam a22001697a 4500 | ||
|---|---|---|---|
| 005 | 20231027150843.0 | ||
| 008 | 231027b |||||||| |||| 00| 0 eng d | ||
| 020 | _a978-93-88293-75-4 | ||
| 041 | _aeng | ||
| 082 | _a615.19 | ||
| 100 |
_aHAJARE, DR.ASHOK A. _98210 |
||
| 245 | _aA PRACTICAL BOOK OF PHYSICAL PHARMACEUTICS-II : second year b.pharma. semester-iv | ||
| 260 |
_aPUNE _bNIRALI PRAKASHAN _c2020 |
||
| 300 | _a3.24, P, 1-10 | ||
| 650 | _aPHARMACY | ||
| 942 | _cBK | ||
| 999 |
_c8424 _d8422 |
||